Statistics for 3つのヒントから駅を当てろ

Click here to take the quiz!

General Stats

  • This quiz has been taken 62 times
  • The average score is 4 of 15

Answer Stats

ヒント1ヒント2ヒント3答え% Correct
東京駅まで乗り換えなし!近くには有名観光地の橋錦川鉄道との乗り換え駅新岩国
86%
普通が通過するが各停は停車する駅番号はNK04駅名の由来は住吉街道にあった茶屋萩ノ茶屋
49%
特急しなのと一部快速が停車する1976年に周辺の高原の名前にちなんで改名した2022年3月30日にみどりの窓口が営業終了した聖高原
47%
都内の駅船の科学館駅から改名した江東区最西端の駅東京国際クルーズターミナル
36%
2012年4月にペデストリアンデッキの整備が完了多くの特急列車の終着駅標準軌と狭軌の三線軌条が見られる区間の終わり箱根湯本
31%
軽便鉄道博物館がある1面2線で路線の起点駅から約20kmもともと近鉄の駅だった阿下喜
27%
特急停車駅県庁所在地方面へは11本/日の快速がある三豊市役所最寄駅高瀬
24%
JRを含む3社の路線が乗り入れる大宮、東京、新宿、横浜に乗り換えなしで行ける現在は方位を冠しているが開業前は新を冠していた西日暮里
22%
上り下りともに定期列車は1本ずつ特急が停車する能登地方にあるので地震の影響で1/20現在は運休中中能登町コミュニティバスのとりやコースが発着する良川
20%
モノレールの駅最寄りの空港駅から約12km方言による案内放送では「じーぶ」と発音される儀保
19%
高校の前にあるため、3セクからの直通がある1914年開業の2面2線の駅であるオーシャンライナーさつまは通過していたが川内エクスプレスは停車していた隈之城
14%
2024/3/16のダイヤ改正で廃止される宗谷本線の駅隣駅は特急停車駅駅の近くの集落は駅名とは異なる富岡という名前である初野
12%
駅番号はKB51第3回近畿の駅100選に選ばれた県道沿いのバス停には三宮行きの急行バスが発着する恵比須
8%
西予市にある駅1945年6月20日開業の1面1線の駅である愛媛県道30号宇和三瓶線の起点付近である上宇和
5%
旧駅名は沼崎3セクの駅国鉄型2面3線上北町
3%

Score Distribution

Percentile by Number Answered

Percent of People with Each Score

Your Score History

You have not taken this quiz